000
00302nam a2200121Ia 4500
008
191201s2016 xx 000 0 und d
100
_a
KANETKAR, Yashavant
245
0
_a
Understanding Pointers in C
250
_a
Rep
260
_c
2016
_b
BPB Publication
_a
NEW DELHI
300
_a
539
942
_2
ddc
_c
BK
_0
4
999
_c
7973
_d
7973